دیوان مومن / (Record no. 248752)
[ view plain ]
| 000 -LEADER | |
|---|---|
| fixed length control field | 00478nam a22001697a 4500 |
| 003 - CONTROL NUMBER IDENTIFIER | |
| control field | BD-DhUL |
| 005 - DATE AND TIME OF LATEST TRANSACTION | |
| control field | 20190714155344.0 |
| 008 - FIXED-LENGTH DATA ELEMENTS--GENERAL INFORMATION | |
| fixed length control field | 190714s1947 ii ||||| |||| 00| 0 urd d |
| 040 ## - CATALOGING SOURCE | |
| Original cataloging agency | BD-DhUL |
| Transcribing agency | BD-DhUL |
| 082 ## - DEWEY DECIMAL CLASSIFICATION NUMBER | |
| Classification number | 891.431 |
| Item number | MOD |
| 100 0# - MAIN ENTRY--PERSONAL NAME | |
| Personal name | مومن خاں |
| 245 10 - TITLE STATEMENT | |
| Title | دیوان مومن / |
| Statement of responsibility, etc. | مومن خاں |
| Remainder of title | |
| 260 ## - PUBLICATION, DISTRIBUTION, ETC. (IMPRINT) | |
| Place of publication, distribution, etc. | الہ اباد : |
| Name of publisher, distributor, etc. | شانتی پریس، |
| Date of publication, distribution, etc. | ۔۱۹۴۷ |
| 300 ## - PHYSICAL DESCRIPTION | |
| Extent | ص۔ ۲۶۷ ؛ |
| Dimensions | ۲۴ سم۔ |
| 650 #4 - SUBJECT ADDED ENTRY--TOPICAL TERM | |
| Topical term or geographic name as entry element | Urdu poetry |
| 942 ## - ADDED ENTRY ELEMENTS (KOHA) | |
| Source of classification or shelving scheme | |
| Koha item type | Books |
| Price effective from | Date last seen | Permanent Location | Not for loan | Date acquired | Source of classification or shelving scheme | Koha item type | Lost status | Withdrawn status | Copy number | Source of acquisition | Collection code | Damaged status | Shelving location | Barcode | Current Location | Full call number |
|---|---|---|---|---|---|---|---|---|---|---|---|---|---|---|---|---|
| 2019-07-14 | 2019-07-14 | Dhaka University Library | 2019-07-14 | Books | 2 | purchased | Non Fiction | General Stacks | 51706 | Dhaka University Library | 891.431 MOD | |||||
| 2019-07-14 | 2019-07-14 | Dhaka University Library | 2019-07-14 | Books | 3 | purchased | Non Fiction | General Stacks | 51647 | Dhaka University Library | 891.431 MOD |
